000 00515nam a2200193Ia 4500
005 20250326125827.0
008 250326s9999 xx 000 0 und d
037 _aTextbook
040 _aFMSL
_beng
_cFMSL
041 _aeng
_2eng
084 _aB28 N7
_qFMSL
100 _aFreund J E
_9343454
245 0 _aModern elementary statistics
_cFreund J E
250 _a3
260 _aEnglewood
_bEnglewood, Cliffs P H India
_c1967
300 _a432p
942 _cTB
_hB28 N7
999 _c1279758
_d1279758